000 00809nam a2200229Ii 4500
003 JO-AjNU
008 230605s9999||||xx |||||||||||||| ||und||
017 _a1991/1124
040 _aJO-AjNU
_bara
_erda
_cJO-AjNU
041 _aara
050 1 4 _aDS35.62.M836 1992
100 3 _aذياب، مفتاح محمد,
_eauthor
_98282
245 0 0 _aمقدمة في تاريخ العلوم في الحضارة الاسلامية
250 _aط1
264 3 1 _aبنغازي: دار الكتب الوطنية، 1992
300 _a271ص
336 _atext
_btxt
_2rdacontent
337 _aunmediated
_bn
_2rdamedia
338 _avolume
_bnc
_2rdacarrier
490 0 _aالهئية القومية للبحث العلمي
650 4 _aالحضارة الاسلامية- دراسة معارف عامة- تاريخ
_98283
999 _aA709
_c4277
_d4277